00992nam a2200217 a 450000100100000000500170001000800410002702000150006804000250008310000390010824500810014726001090022830000210033749000800035850000740043850400320051250000210054483000870056595201050065299900170075700003921820201002031540.0130611s2003 sp 000 0 spa d a8400081218 aDO-SdBNPbspacBNPHU1 aGonzález Salinero, Raúl96541610aBiblia y polémica antijudía en Jerónimo /cRaúl González Salinero. aMadrid :bConsejo Superior de Investigaciones Científicas :bInstituto de Filología del CSIC,c2003. a294 p. ;c24 cm.1 aTextos y estudios Cardenal Cisneros de la biblia políglota matritensev70 aIncluye referencias bibliográficas y notas al pie de las págianas aBibliografía : p. 229-262 aIncluye índice 0aTextos y estudios Cardenal Cisneros de la biblia políglota matritensen70965417 001050718MOaGRbGRcCTd2013-06-11iLF1l0o p39218-10r2020-06-25w2020-06-25y1ZNo se presta c38708d38708